Normal view MARC view

Entry Uniform Title

Number of records used in: 1

001 - CONTROL NUMBER

  • control field: 25744

003 - CONTROL NUMBER IDENTIFIER

  • control field: dpl

005 - DATE AND TIME OF LATEST TRANSACTION

  • control field: 20110207153730.0

008 - FIXED-LENGTH DATA ELEMENTS

  • fixed length control field: 110207|||a|||||| | ||| d

040 ## - CATALOGING SOURCE

  • Original cataloging agency: dpl
  • Transcribing agency: dpl

130 ## - HEADING--UNIFORM TITLE

  • Uniform title: राष्ट्रभारती / लोकोदय ग्रन्थमाला : ग्रन्थांक 417

670 ## - SOURCE DATA FOUND

  • Source citation: Work cat.: (dpl)49238: पोट्टेक्काट, एस. के. 25743, कथा एक प्रान्तर की / , 2006

670 ## - SOURCE DATA FOUND

  • Source citation: Work cat.: (dpl)49238: पोट्टेक्काट, एस. के. 25743, कथा एक प्रान्तर की / , 2006

© Delhi Public Library
Hit Counter
free hit counter